Intensifying the fight against malaria: the world bank's booster program for malaria control in Africa (Record no. 31815)

MARC details
000 -LEADER
fixed length control field 00837nam a2200193 a 4500
008 - FIXED-LENGTH DATA ELEMENTS--GENERAL INFORMATION
fixed length control field 151202s2009 ||||||||||||||||| || u
020 ## - INTERNATIONAL STANDARD BOOK NUMBER
International Standard Book Number 9780821377581
050 ## - LIBRARY OF CONGRESS CALL NUMBER
Classification number RA 644.M2 Wor
110 ## - MAIN ENTRY--CORPORATE NAME
Corporate name or jurisdiction name as entry element World Bank
245 10 - TITLE STATEMENT
Title Intensifying the fight against malaria: the world bank's booster program for malaria control in Africa
Statement of responsibility, etc. By The World Bank
260 ## - PUBLICATION, DISTRIBUTION, ETC.
Place of publication, distribution, etc. Washington D.C.
Name of publisher, distributor, etc. The International Bank for Reconstruction
Date of publication, distribution, etc. 2009
300 ## - PHYSICAL DESCRIPTION
Extent xiii, 133p.: ill.
350 ## -
-- 25.00
650 ## - SUBJECT ADDED ENTRY--TOPICAL TERM
Topical term or geographic name entry element MALARIA--PREVENTION AND CONTROL--AFRICA
650 ## - SUBJECT ADDED ENTRY--TOPICAL TERM
Topical term or geographic name entry element MALARIA--AFRICA
650 ## - SUBJECT ADDED ENTRY--TOPICAL TERM
Topical term or geographic name entry element BOOSTER PROGRAM FOR MALARIA CONTROL IN AFRICA
650 ## - SUBJECT ADDED ENTRY--TOPICAL TERM
Topical term or geographic name entry element WOLRD BANK
995 ## -
-- MEDICAL LIBRARY OPEN ACCESS
-- 903178
-- CBU-SCHOOL OF MEDICINE LIBRARY (Ndola)
-- 25.00
-- RA 644.M2 Wor
-- 1
-- AVAILABLE
-- Dec 17, 2015
-- 903178
-- Medical Library Open Access Collection
999 ## -
-- 31815
-- 31815
Holdings
Withdrawn status Lost status Source of classification or shelving scheme Damaged status Not for loan Permanent Location Current Location Shelving location Date acquired Total Checkouts Full call number Barcode Date last seen Price effective from Koha item type
          CBU-SCHOOL OF MEDICINE LIBRARY, NDOLA. CBU-SCHOOL OF MEDICINE LIBRARY, NDOLA.   11/30/2022   RA 644.M2 Wor 903178 11/30/2022 11/30/2022 MONOGRAPH